000 00675nab a2200181 4500
001 244442
003 OSt
005 20250925131634.0
007 tu
008 200917s2020|||||||
040 _aDE-2950
_cDE-2950
245 0 0 _a1810 Läufer sorgen für neuen Rekord
_bBewegung. Der firmenlauf in Frankfurt ist für Unternehmen und Institutionen zur festen Größe geworden. Im Vordergrund standen nicht nur sportliche Leistungen, sondern das gemeinschaftliche Erlebnis/
_cThomas Meiler
264 _c2025
653 _aFrankfurt (Oder)
653 _aFirmenlauf
773 0 _g36. Jahrgang (2025) Nr. 213 vom 12.09.2025, S. 17 mit Foto
_tMärkische Oderzeitung
942 _2z
_cA
999 _c374013
_d374013